| 000 | 00594nam a22001937a 4500 | ||
|---|---|---|---|
| 003 | CEME | ||
| 005 | 20210628202940.0 | ||
| 008 | 210104b xxu||||| |||| 00| 0 eng d | ||
| 020 | _a9788131723272 | ||
| 040 | _c. | ||
| 082 | _a006.3 LUG | ||
| 100 |
_aLuger, George F _959447 |
||
| 245 | _aArtificial intelligence:structures and strategies for complex problem soving | ||
| 250 | _a5TH | ||
| 260 |
_aINDIA _bPEARSON EDUCATION _c2009 |
||
| 300 | _aXXIII, 899P | ||
| 650 |
_aTEXTBOOK-DCE.ARTIFICIAL INTELLIGENCE:STRUCTURES AND STRATEGIES FOR COMPLEX PROBLEM SOVING _962498 |
||
| 942 |
_cBK _2ddc |
||
| 999 |
_c571590 _d571590 |
||